000 00514nam a2200193Ia 4500
005 20260120132139.0
008 008 260114s9999 xx 000 0 eng d
020 _a9781383044966
037 _aEBOOK
040 _aCRL
_beng
_cCRL
041 _aeng
_2eng
084 _qCRL
100 _aEmery
_9935508
245 0 _aMuscular Dystrophy
260 _bOxford University PressOxford University Press
_c2023
856 _uhttps://academic.oup.com/book/52586
942 _cEBOOK
999 _c1527431
_d1527431